000
00225 a2200097 4500
020
_a
9789369895649
100
_a
Kailash Satyarthi
245
_a
Karuna: the power of compassion
260
_b
Harper Collins
_c
2026
942
_c
OO
999
_c
115627
_d
115626